[Event "Condigne Dutch Open 2018"]
[Site "Dieren"]
[Date "2018.08.02"]
[Round "9"]
[White "Van Dael, Siem"]
[Black "De Jong, Migchiel"]
[Result "1-0"]
[WhiteElo "2212"]
[BlackElo "2339"]
[Annotator "NA"]
[PlyCount "177"]
[EventDate "2018.07.24"]
[EventType "swiss"]
[EventCountry "NED"]
[SourceTitle "playchess.com"]
[Source "ChessBase"]
[SourceQuality "1"]
[TimeControl "40/5400+30:1800+30"]

1. e4 {[%emt 0:00:00]} e6 {[%emt 0:00:00]} 2. d4 {[%emt 0:00:00]} d5 {[%emt 0:00:00]} 3. Nc3 {[%emt 0:00:00]} Bb4 {[%emt 0:00:14]} 4. e5 {[%emt 0:00:00]} Ne7 {[%emt 0:00:07]} 5. a3 {[%emt 0:00:00]} Bxc3+ {[%emt 0:00:08]} 6. bxc3 {[%emt 0:00:00]} c5 {[%emt 0:00:23]} 7. Qg4 {[%emt 0:00:00]} Kf8 {[%emt 0:00:30]} 8. h4 {[%emt 0:01:21]} Qc7 {[%emt 0:02:20]} 9. Bd2 {[%emt 0:01:54]} cxd4 {[%emt 0:04:50]} 10. cxd4 {[%emt 0:00:07]} Qxc2 {[%emt 0:00:08]} 11. Rc1 {[%emt 0:00:38]} Qe4+ {[%emt 0:00:21]} 12. Qxe4 {[%emt 0:00:37]} dxe4 {[%emt 0:00:07]} 13. g3 {[%emt 0:20:09]} Nbc6 {[%emt 0:01:04]} 14. Bg2 {[%emt 0:00:23]} Nxd4 {[%emt 0:01:13]} 15. Bxe4 {[%emt 0:00:08]} Ndc6 {[%emt 0:01:24]} 16. Bb4 {[%emt 0:01:10]} Bd7 {[%emt 0:00:59]} 17. Bd6 {[%emt 0:01:55]} Ke8 {[%emt 0:00:25]} 18. Ne2 {[%emt 0:01:46]} Rc8 {[%emt 0:02:07]} 19. O-O {[%emt 0:04:46]} Na5 {[%emt 0:09:06]} 20. Nd4 {[%emt 0:02:05]} Nec6 {[%emt 0:01:43]} 21. Ne2 {[%emt 0:10:37]} Nb3 {[%emt 0:03:17]} 22. Rc2 {[%emt 0:03:02]} b6 {[%emt 0:05:08]} 23. Rd1 {[%emt 0:02:33]} Ne7 {[%emt 0:04:05]} 24. Rxc8+ {[%emt 0:03:59]} Nxc8 {[%emt 0:00:12]} 25. Bc7 {[%emt 0:00:07]} Nc5 {[%emt 0:01:38]} 26. Nc3 {[%emt 0:10:20]} Ke7 {[%emt 0:01:06]} 27. Bd3 {[%emt 0:08:01]} Nxd3 {[%emt 0:02:47]} 28. Rxd3 {[%emt 0:00:06]} Bc6 {[%emt 0:00:05]} 29. a4 {[%emt 0:04:49]} h5 {[%emt 0:04:07]} 30. Rd4 {[%emt 0:05:06]} f5 {[%emt 0:02:31]} 31. Kf1 {[%emt 0:09:18]} Kf7 {[%emt 0:01:52]} 32. Bb8 {[%emt 0:00:32]} Re8 {[%emt 0:01:36]} 33. Ke1 {[%emt 0:07:42]} a6 {[%emt 0:02:15]} 34. Rc4 {[%emt 0:01:58]} Ne7 {[%emt 0:00:58]} 35. Ba7 {[%emt 0:00:54]} b5 {[%emt 0:01:26]} 36. Rd4 {[%emt 0:01:24]} bxa4 {[%emt 0:00:56]} 37. Nxa4 {[%emt 0:00:21]} Bxa4 {[%emt 0:00:55]} 38. Rxa4 {[%emt 0:00:07]} Ra8 {[%emt 0:00:28]} 39. Bc5 {[%emt 0:00:32]} Nd5 {[%emt 0:00:47]} 40. Kd2 {[%emt 0:00:57]} Ke8 {[%emt 0:00:29]} 41. Ra1 {[%emt 0:03:41]} Kd7 {[%emt 0:01:10]} 42. Bd6 {[%emt 0:02:27]} a5 {[%emt 0:00:37]} 43. Kd3 {[%emt 0:01:09]} a4 {[%emt 0:00:51]} 44. Kc4 {[%emt 0:01:25]} Kc6 {[%emt 0:00:16]} 45. Rb1 {[%emt 0:03:06]} a3 {[%emt 0:00:28]} 46. Kb3 {[%emt 0:01:00]} a2 {[%emt 0:00:07]} 47. Rc1+ {[%emt 0:04:56]} Kb5 {[%emt 0:01:07]} 48. Ra1 {[%emt 0:01:39]} Nb6 {[%emt 0:01:30]} 49. Ba3 {[%emt 0:03:05]} Nc4 {[%emt 0:13:47]} 50. Rxa2 {[%emt 0:00:48]} g6 {[%emt 0:01:25]} 51. f4 {[%emt 0:05:44]} Ra4 {[%emt 0:01:18]} 52. Ra1 {[%emt 0:00:11]} Nd2+ {[%emt 0:01:15]} 53. Kc2 {[%emt 0:00:28]} Ne4 {[%emt 0:00:06]} 54. Rb1+ {[%emt 0:00:43]} Kc6 {[%emt 0:02:06]} 55. Rb3 {[%emt 0:01:45]} Rd4 {[%emt 0:00:41]} 56. Bc1 {[%emt 0:01:26]} Rc4+ {[%emt 0:00:19]} 57. Kb2 {[%emt 0:00:34]} Nc5 {[%emt 0:00:30]} 58. Ra3 {[%emt 0:01:30]} Kd5 {[%emt 0:01:23]} 59. Be3 {[%emt 0:00:55]} Ne4 {[%emt 0:05:16]} 60. Ra5+ {[%emt 0:00:07]} Kc6 {[%emt 0:00:19]} 61. Ra6+ {[%emt 0:00:08]} Kd7 {[%emt 0:00:09]} 62. Ra7+ {[%emt 0:01:23]} Rc7 {[%emt 0:00:07]} 63. Ra3 {[%emt 0:00:19]} Rb7+ {[%emt 0:00:44]} 64. Kc2 {[%emt 0:00:01]} Nxg3 {[%emt 0:00:26]} 65. Rd3+ {[%emt 0:01:00]} Ke8 {[%emt 0:00:18]} 66. Rd6 {[%emt 0:01:18]} Ke7 {[%emt 0:00:54]} 67. Ra6 {[%emt 0:00:26]} Ne4 {[%emt 0:00:08]} 68. Kd3 {[%emt 0:01:45]} Rd7+ {[%emt 0:01:53]} 69. Kc4 {[%emt 0:01:03]} Rc7+ {[%emt 0:00:25]} 70. Kd3 {[%emt 0:00:50]} Nc3 {[%emt 0:00:38]} 71. Bb6 {[%emt 0:00:34]} Rc6 {[%emt 0:00:25]} 72. Bd8+ {[%emt 0:00:26]} Kxd8 {[%emt 0:01:33]} 73. Rxc6 {[%emt 0:00:08]} Nd5 {[%emt 0:00:07]} 74. Rc4 {[%emt 0:00:27]} Kd7 {[%emt 0:02:19]} 75. Ra4 {[%emt 0:00:28]} Kc6 {[%emt 0:00:50]} 76. Ra6+ {[%emt 0:00:58]} Kb5 {[%emt 0:00:35]} 77. Rd6 {[%emt 0:00:36]} Nxf4+ {[%emt 0:00:17]} 78. Kd4 {[%emt 0:00:27]} Kb4 {[%emt 0:02:58]} 79. Rb6+ {[%emt 0:00:19]} Ka5 {[%emt 0:00:05]} 80. Rb1 {[%emt 0:00:36]} Ng2 {[%emt 0:04:55]} 81. Kc5 {[%emt 0:00:12]} Ka4 {[%emt 0:01:08]} 82. Kd6 {[%emt 0:00:11]} f4 {[%emt 0:03:15]} 83. Kxe6 {[%emt 0:00:09]} Nxh4 {[%emt 0:03:06]} 84. Kf6 {[%emt 0:00:10]} f3 {[%emt 0:03:30]} 85. e6 {[%emt 0:00:23]} Nf5 {[%emt 0:00:42]} 86. Kxg6 {[%emt 0:00:05]} Nd6 {[%emt 0:00:50]} 87. Kxh5 {[%emt 0:00:23]} f2 {[%emt 0:00:29]} 88. e7 {[%emt 0:00:30]} Ka5 {[%emt 0:01:01]} 89. Kg6 {[%emt 0:00:25]} 1-0

[Event "Condigne Dutch Open 2018"]
[Site "Dieren"]
[Date "2018.08.02"]
[Round "9"]
[White "Krishnater Kushager"]
[Black "Warmerdam, Max"]
[Result "*"]
[WhiteElo "2209"]
[BlackElo "2424"]
[Annotator "TA"]
[PlyCount "33"]
[EventDate "2018.07.24"]
[EventType "swiss"]
[EventCountry "NED"]
[SourceTitle "playchess.com"]
[Source "ChessBase"]
[SourceQuality "1"]

{[%evp 19,20,8,34]} 1. c4 g6 2. Nc3 Bg7 3. g3 Nf6 4. Bg2 O-O 5. e4 e5 6. Nge2 d6 7. O-O c6 8. d3 a6 9. h3 b5 {A24: English Opening vs King's Indian: Lines without ...Nc6} 10. Be3 Bb7 {LiveBook: 4 Games} (10... Nbd7 11. Qd2 Rb8 12. b3 b4 13. Na4 c5 14. Rae1 Ne8 15. f4 exf4 16. gxf4 f5 17. exf5 Rxf5 {½-½ (58) Wang,Y (2723)-Kamsky,G (2721) Beijing 2013}) {Predecessor:} 11. b4 $146 d5 12. cxd5 cxd5 13. Bc5 Re8 14. exd5 Nxd5 15. Ne4 Re6 16. Qb3 Kh8 17. Rac1 {½-½ (53) Spiridonov,N (2331)-Apicella,M (2501) Elancourt 2003} *

[Event "Condigne Dutch Open 2018"]
[Site "Dieren"]
[Date "2018.08.02"]
[Round "9"]
[White "Krishnater Kushager"]
[Black "Maatman, Nick"]
[Result "1/2-1/2"]
[WhiteElo "2209"]
[BlackElo "2345"]
[Annotator "NA"]
[PlyCount "23"]
[EventDate "2018.07.24"]
[EventType "swiss"]
[EventCountry "NED"]
[SourceTitle "playchess.com"]
[Source "ChessBase"]
[SourceQuality "1"]
[TimeControl "40/5400+30:1800+30"]

1. d4 {[%emt 0:00:00]} e6 {[%emt 0:03:12]} 2. Nf3 {[%emt 0:00:00]} Nf6 {[%emt 0:00:09]} 3. c4 {[%emt 0:00:00]} c5 {[%emt 0:02:30]} 4. d5 {[%emt 0:00:00]} exd5 {[%emt 0:00:04]} 5. cxd5 {[%emt 0:00:00]} d6 {[%emt 0:00:06]} 6. e4 {[%emt 0:00:05]} g6 {[%emt 0:01:07]} 7. h3 {[%emt 0:00:04]} Bg7 {[%emt 0:00:13]} 8. Bd3 {[%emt 0:00:02]} O-O {[%emt 0:00:29]} 9. O-O {[%emt 0:00:04]} b5 {[%emt 0:21:51]} 10. Bxb5 {[%emt 0:00:08]} Nxe4 {[%emt 0:01:36]} 11. Re1 {[%emt 0:00:04]} Qb6 {[%emt 0:02:17]} 12. Na3 {[%emt 0:00:08]} 1/2-1/2

[Event "Condigne Dutch Open 2018"]
[Site "Dieren"]
[Date "2018.08.02"]
[Round "9"]
[White "Floor, Dirk"]
[Black "Ojas Kulkarni"]
[Result "0-1"]
[WhiteElo "2196"]
[BlackElo "2226"]
[Annotator "NA"]
[PlyCount "74"]
[EventDate "2018.07.24"]
[EventType "swiss"]
[EventCountry "NED"]
[SourceTitle "playchess.com"]
[Source "ChessBase"]
[SourceQuality "1"]
[TimeControl "40/5400+30:1800+30"]

1. e4 {[%emt 1:30:30]} e5 2. Nf3 {[%emt 0:00:30]} Nc6 {[%emt 1:31:00]} 3. Bc4 {[%emt 0:00:30]} Nf6 4. d3 h6 5. O-O d6 6. a4 g6 7. Nc3 Bg7 8. a5 a6 9. Bd2 O-O 10. Nd5 Nxd5 11. Bxd5 Ne7 12. Ba2 Kh7 13. c3 f5 14. h4 Kh8 15. Qc1 f4 16. d4 Nc6 17. Rd1 Bg4 18. d5 Ne7 19. Kf1 c6 20. c4 cxd5 21. cxd5 Rc8 22. Qb1 Nf5 23. Qd3 Nxh4 24. Nxh4 Qxh4 25. f3 Bd7 26. Kg1 g5 27. Be1 Qh5 28. Bb3 Bb5 29. Qd2 g4 30. fxg4 Qxg4 31. Rdc1 Rxc1 32. Rxc1 f3 33. Bd1 Be2 34. g3 Qh3 35. Kf2 Qg2+ 36. Ke3 h5 37. Bf2 Bh6# 0-1

[Event "Condigne Dutch Open 2018"]
[Site "Dieren"]
[Date "2018.08.02"]
[Round "9"]
[White "Godbole, Atharva"]
[Black "Ashwath, R."]
[Result "1/2-1/2"]
[WhiteElo "2128"]
[BlackElo "2285"]
[Annotator "TA"]
[PlyCount "43"]
[EventDate "2018.07.24"]
[EventType "swiss"]
[EventCountry "NED"]
[SourceTitle "playchess.com"]
[Source "ChessBase"]
[SourceQuality "1"]

{[%evp 14,20,51,47,93,81,91,85,63]} 1. e4 e5 2. Nf3 Nc6 3. Bb5 Nf6 4. O-O Bc5 5. Nxe5 Nxe5 6. d4 c6 7. dxe5 Nxe4 8. Bd3 $1 {[%cal Rd3e4] LiveBook: 24 Partien} Nxf2 {C65: Spanische Partie (Berliner-Verteidigung)} (8... d5 9. exd6 Nf6 10. Qe2+ Be6 11. Bf5 Qxd6 12. Bxe6 Qxe6 13. Qxe6+ fxe6 14. Nc3 Kf7 15. Bf4 Rad8 16. Rad1 {½-½ (56) Vallejo Pons,F (2684)-Anand,V (2803) Leon 2008 CBM 124 Extra [CB]}) 9. Rxf2 Bxf2+ 10. Kxf2 {Und weiter mit Dg4 wäre nett.} Qh4+ {Vorgänger:} 11. Kg1 $146 Qd4+ 12. Kh1 Qxe5 13. Nd2 d5 14. Nf3 Bg4 15. Bd2 Bxf3 16. Qxf3 O-O 17. Bc3 Qg5 18. Bb4 Rfe8 19. Rf1 f6 20. Bd6 Re3 21. Qd1 Re6 22. Bf4 {1-0 (22) Ulybin,M (2552)-Groetz,H (2314) Stockholm 2010} 1/2-1/2